00530pam a2200157 a 4500020000500000041000500005082002800010100001600038245004400054260005500098300001100153700001800164930000900182999001900191952016200210 c h a658.29999999999995bSCO aScott, W.D. aPersonnel ManagementhTextual Documents aNew DelhibTata Mcgraw Hill Publishing Company Ltd a623/PB aLothier, R.C. a7257 c114084d114084 001440708GeneralaAKSbAKScMissingd1981-10-29eSarswati Book Depog30.00l0o658.29999999999995 SCOpAKS-M-00027r2023-03-01 00:00:00t1w2023-03-01yBK